[Event "2BLW 1819 DJK Aachen II - SV Koblenz"]
[Site "?"]
[Date "2018.12.16"]
[Round "4.2"]
[White "Van Dooren, Dirk"]
[Black "Hammes, Michael"]
[Result "1-0"]
[WhiteElo "2348"]
[BlackElo "2347"]
[PlyCount "91"]
[EventDate "2018.??.??"]

1. e4 e6 2. d3 d5 3. Qe2 Be7 4. Nf3 Nf6 5. e5 Nfd7 6. g3 b5 7. Bg2 c5 8. O-O
Nc6 9. Re1 Nb6 10. h4 h6 11. Nbd2 a5 12. Nf1 Ba6 13. Ne3 b4 14. c4 bxc3 15.
bxc3 Rb8 16. Bd2 Na4 17. Rab1 Nb2 18. c4 dxc4 19. dxc4 Nd4 20. Nxd4 cxd4 21.
Nd1 Nxc4 22. Bxa5 Qc8 23. Bc6+ Kf8 24. Bd7 Nxa5 25. Bxc8 Bxe2 26. Rxb8 Nc6 27.
Ra8 d3 28. Bb7+ Nd8 29. Nc3 Bh5 30. f3 g5 31. g4 Bg6 32. h5 Bh7 33. Be4 Bc5+
34. Kg2 Kg7 35. Rc8 Bd4 36. Bxh7 Kxh7 37. Re4 Bb6 38. Rb4 Ba5 39. Rd4 Nb7 40.
Rxh8+ Kxh8 41. Ne4 d2 42. Kf1 Nd8 43. Ke2 Kg7 44. Nxd2 Nc6 45. Re4 Bc3 46. Nc4
1-0

[Event "2BLW 1819 DJK Aachen II - SV Koblenz"]
[Site "?"]
[Date "2018.12.16"]
[Round "4.3"]
[White "Wolf, Volker"]
[Black "Buscher, Michael"]
[Result "1/2-1/2"]
[WhiteElo "2283"]
[BlackElo "2386"]
[PlyCount "132"]
[EventDate "2018.??.??"]

1. e4 c5 2. Nf3 d6 3. d4 cxd4 4. Nxd4 Nf6 5. Nc3 Nc6 6. Nb3 e6 7. f4 Be7 8. Be3
d5 9. exd5 Nxd5 10. Nxd5 Qxd5 11. Qxd5 exd5 12. O-O-O Be6 13. Be2 O-O 14. Bf3
Rac8 15. a3 Rfd8 16. g4 g6 17. Rhe1 b6 18. Re2 Rd6 19. Nd4 Bf6 20. Nxc6 Rcxc6
21. f5 gxf5 22. gxf5 Bxf5 23. Bxd5 Rxd5 24. Rxd5 Be6 25. Rd1 Rc4 26. Rg1+ Kf8
27. Bh6+ Ke7 28. Bg5 Bxg5+ 29. Rxg5 Rh4 30. Rg8 Kd6 31. b3 a5 32. a4 Kc6 33.
Kb2 Rh5 34. Rd2 Kc7 35. Rg3 Bd5 36. Rd4 Kc6 37. h4 h6 38. c4 Be6 39. Rf3 Re5
40. Rf6 h5 41. Rff4 Re2+ 42. Kc3 Rh2 43. Rd3 Rg2 44. Re3 Rg4 45. Rd4 Rg6 46.
Rf4 Kd6 47. Rd4+ Kc6 48. Re5 Bg4 49. b4 axb4+ 50. Kxb4 Rf6 51. a5 bxa5+ 52.
Rxa5 Rf1 53. Ra6+ Kb7 54. Rh6 Kc7 55. Rd5 Rf4 56. Kc3 Rf3+ 57. Rd3 Rf4 58. c5
Rf5 59. Kd4 Rf4+ 60. Ke3 Rf3+ 61. Ke4 Rf1 62. Ra3 Bf5+ 63. Ke3 Bg6 64. Ra6 Re1+
65. Kf2 Rc1 66. Ra7+ Kb8 1/2-1/2

[Event "2BLW 1819 DJK Aachen II - SV Koblenz"]
[Site "?"]
[Date "2018.12.16"]
[Round "4.4"]
[White "Lenaerts, Lennert"]
[Black "Doncevic, Dario"]
[Result "1-0"]
[WhiteElo "2383"]
[BlackElo "2263"]
[PlyCount "89"]
[EventDate "2018.??.??"]

1. d4 Nf6 2. c4 g6 3. f3 Bg7 4. e4 d6 5. Nc3 O-O 6. Be3 Nc6 7. Nge2 a6 8. Qd2
Bd7 9. Rc1 e5 10. d5 Ne7 11. g3 Ne8 12. Nd1 f5 13. Nf2 fxe4 14. fxe4 Nf6 15. h3
b6 16. Bg2 a5 17. b3 Rf7 18. O-O Qf8 19. a3 h5 20. b4 axb4 21. axb4 Kh7 22. Ra1
Neg8 23. Nc3 Bh6 24. Nd3 Bxe3+ 25. Qxe3 Nh6 26. c5 bxc5 27. bxc5 Rxa1 28. Rxa1
Qc8 29. Nf2 Qb8 30. c6 Bc8 31. Qa7 Qb4 32. Qe3 Kg7 33. Ra8 Rf8 34. Bf1 Qb3 35.
Ncd1 Qb1 36. Qa7 Nxe4 37. Qxc7+ Nf7 38. Bd3 Qb3 39. Rxc8 Rxc8 40. Qxc8 Nc5 41.
c7 Qxd5 42. Qe8 Nxd3 43. c8=Q Ne1 44. Qg8+ Kf6 45. Qcd8+ 1-0

[Event "2BLW 1819 DJK Aachen II - SV Koblenz"]
[Site "?"]
[Date "2018.12.16"]
[Round "4.5"]
[White "Stewart, Neil"]
[Black "Van Dael, Siem"]
[Result "1-0"]
[WhiteElo "2211"]
[BlackElo "2204"]
[PlyCount "55"]
[EventDate "2018.??.??"]

1. Nf3 Nf6 2. c4 g6 3. Nc3 Bg7 4. e4 d6 5. d4 O-O 6. Be2 e5 7. d5 Nbd7 8. Be3
Ng4 9. Bd2 f5 10. Ng5 Nc5 11. b4 fxe4 12. O-O e3 13. Bxg4 Qxg5 14. Bxe3 Qxg4
15. Qxg4 Bxg4 16. bxc5 e4 17. Rac1 Bxc3 18. Rxc3 b6 19. c6 Be2 20. Re1 Bd3 21.
f3 Rf5 22. fxe4 Bxe4 23. Bh6 Re8 24. Rce3 Rfe5 25. Bf4 R5e7 26. Bg5 Re5 27. Bf6
Rf5 28. Bc3 1-0

[Event "2BLW 1819 DJK Aachen II - SV Koblenz"]
[Site "?"]
[Date "2018.12.16"]
[Round "4.6"]
[White "Skulener, Wladimir"]
[Black "Bohn, Thomas"]
[Result "1/2-1/2"]
[WhiteElo "2383"]
[BlackElo "2323"]
[PlyCount "94"]
[EventDate "2018.??.??"]

1. d4 e6 2. Nf3 f5 3. g3 Nf6 4. Bg2 Be7 5. O-O O-O 6. c4 d6 7. b3 Qe8 8. Nc3 a5
9. Qc2 Qh5 10. e4 e5 11. dxe5 dxe5 12. Nd5 Nxd5 13. cxd5 Bd6 14. Nd2 f4 15. Bf3
Bg4 16. Bxg4 Qxg4 17. f3 Qh3 18. gxf4 Rxf4 19. Nc4 Rf6 20. Bb2 Nd7 21. f4 Rg6+
22. Kh1 exf4 23. Qe2 Re8 24. Nxd6 cxd6 25. Rxf4 Nc5 26. Rd1 h6 27. Bd4 b6 28.
Bxc5 bxc5 29. Rd3 Qd7 30. h4 Re5 31. Qf3 Kh7 32. Rd2 a4 33. Rg2 Rxg2 34. Kxg2
axb3 35. axb3 Qa7 36. Kg3 Qa1 37. Rf8 Qe1+ 38. Kh3 Qxe4 39. Qxe4+ Rxe4 40. Rd8
h5 41. Rxd6 Re3+ 42. Kg2 Rxb3 43. Rc6 Rb4 44. Kg3 Rg4+ 45. Kh3 c4 46. d6 Rd4
47. d7 Rxd7 1/2-1/2

[Event "2BLW 1819 DJK Aachen II - SV Koblenz"]
[Site "?"]
[Date "2018.12.16"]
[Round "4.7"]
[White "Berresheim, Helmut"]
[Black "Dardha, Daniel"]
[Result "0-1"]
[WhiteElo "2100"]
[BlackElo "2336"]
[PlyCount "100"]
[EventDate "2018.??.??"]

1. d4 Nf6 2. c4 e6 3. Nf3 d5 4. Nc3 Be7 5. cxd5 exd5 6. Bg5 c6 7. Qc2 Nbd7 8.
e3 Nh5 9. Bxe7 Qxe7 10. Be2 g6 11. O-O O-O 12. Rab1 Nb6 13. Bd3 Ng7 14. Na4
Nxa4 15. Qxa4 Bf5 16. Bxf5 Nxf5 17. Rfc1 Nd6 18. Qc2 a5 19. b3 Ne4 20. Nd2 f5
21. Re1 Qg7 22. a3 Nd6 23. f4 g5 24. Nf3 g4 25. Ne5 Ne4 26. b4 axb4 27. axb4 g3
28. h3 Rfc8 29. Nd3 Ra3 30. Rb3 Rca8 31. b5 Ra2 32. Rb2 Rxb2 33. Qxb2 c5 34.
Ra1 Rxa1+ 35. Qxa1 c4 36. Qa8+ Qf8 37. Qxf8+ Kxf8 38. Nb4 Nc3 39. Kf1 Ke7 40.
Ke1 Kd6 41. b6 h5 42. h4 Na4 43. Ke2 Nxb6 44. Kf3 Nd7 45. Kxg3 Nf6 46. Kf3 Kc7
47. Ke2 Kb6 48. Nc2 Ka5 49. Ne1 b5 50. Nf3 b4 0-1

[Event "2BLW 1819 DJK Aachen II - SV Koblenz"]
[Site "?"]
[Date "2018.12.16"]
[Round "4.8"]
[White "Dardha, Arben"]
[Black "Schaefers, Andreas"]
[Result "1-0"]
[WhiteElo "2279"]
[BlackElo "2077"]
[PlyCount "81"]
[EventDate "2018.??.??"]

1. e4 c5 2. Nf3 e6 3. b3 d6 4. Bb2 e5 5. Bb5+ Bd7 6. Bxd7+ Qxd7 7. O-O Nf6 8.
Re1 Nc6 9. c3 Be7 10. d4 Qc7 11. Na3 a6 12. Nc4 O-O 13. Ne3 Rfe8 14. Nd5 Qd8
15. Qd3 Bf8 16. Rad1 Rc8 17. dxc5 dxc5 18. Qc2 Re6 19. Re2 g6 20. Bc1 h6 21.
Red2 Qa5 22. Nxf6+ Rxf6 23. Rd5 Qc7 24. Be3 b6 25. Rd7 Qb8 26. Qd2 Kh7 27. Qd3
a5 28. h3 Rc7 29. Qc4 Qc8 30. Qd5 Rxd7 31. Qxd7 Qxd7 32. Rxd7 b5 33. Rd5 Rd6
34. Bxc5 Rxd5 35. exd5 Bxc5 36. dxc6 Bd6 37. Nd2 f5 38. b4 axb4 39. c4 bxc4 40.
Nxc4 Bc7 41. Ne3 1-0

[Event "2BLW 1819 SG Solingen II - Aachener SV"]
[Site "?"]
[Date "2018.12.16"]
[Round "4.1"]
[White "Seel, Christian"]
[Black "Jussupow, Artur"]
[Result "1/2-1/2"]
[WhiteElo "2486"]
[BlackElo "2569"]
[PlyCount "27"]
[EventDate "2018.??.??"]

1. Nf3 d5 2. d4 Nf6 3. c4 e6 4. Nc3 Be7 5. Bf4 O-O 6. e3 b6 7. cxd5 Nxd5 8.
Nxd5 Qxd5 9. Be2 Bb7 10. O-O Rc8 11. Ne1 Qd8 12. Bf3 Bxf3 13. Nxf3 c5 14. dxc5
1/2-1/2

[Event "2BLW 1819 SG Solingen II - Aachener SV"]
[Site "?"]
[Date "2018.12.16"]
[Round "4.3"]
[White "Vandenbussche, Thibaut"]
[Black "Wegerle, Joerg"]
[Result "1-0"]
[WhiteElo "2428"]
[BlackElo "2406"]
[PlyCount "121"]
[EventDate "2018.??.??"]

1. e4 e5 2. Nf3 Nf6 3. Nxe5 d6 4. Nf3 Nxe4 5. d4 d5 6. Bd3 Bf5 7. O-O Be7 8.
Re1 O-O 9. Nbd2 Nd6 10. Nf1 Nd7 11. Ng3 Bg6 12. Ne5 c6 13. Nxg6 hxg6 14. Bf4
Re8 15. h4 Nf8 16. h5 Bg5 17. Be5 Qd7 18. hxg6 fxg6 19. Nf1 Nf7 20. Nh2 Nh6 21.
c4 Bf6 22. Nf3 Nf7 23. Qb3 Re6 24. Rac1 Bxe5 25. dxe5 Rd8 26. Qa4 a6 27. cxd5
cxd5 28. Qa5 Qe7 29. Bc2 Rd7 30. Bb3 b5 31. Qd2 g5 32. Qd4 g4 33. Qxg4 Nxe5 34.
Nxe5 Rxe5 35. Red1 Rd6 36. Qf3 Qf7 37. Qg3 Qe6 38. Qc3 Nd7 39. Qc8+ Kf7 40. g3
Qe8 41. Qc7 Qe7 42. Qb7 Qe6 43. Rd4 Ke7 44. Qc8 Re1+ 45. Kg2 Rxc1 46. Qxc1 Nf6
47. Qg5 Kf8 48. Bc2 Rc6 49. Bf5 Qe8 50. Bg6 Qe6 51. Rh4 Kg8 52. Bf5 Qe8 53. b3
Qe2 54. Qf4 Kf7 55. g4 Qe1 56. Rh1 Qc3 57. g5 Ne8 58. Bd7+ Ke7 59. Bxc6 Qxc6
60. Re1+ Kd8 61. Qb8+ 1-0

[Event "2BLW 1819 SG Solingen II - Aachener SV"]
[Site "?"]
[Date "2018.12.16"]
[Round "4.4"]
[White "Schlecht, Daniel"]
[Black "Lemmers, Oscar"]
[Result "1/2-1/2"]
[WhiteElo "2376"]
[BlackElo "2326"]
[PlyCount "45"]
[EventDate "2018.??.??"]

1. d4 d5 2. c4 c6 3. Nf3 Nf6 4. e3 Bg4 5. h3 Bxf3 6. Qxf3 e6 7. Bd3 Bb4+ 8. Nc3
Nbd7 9. Bd2 dxc4 10. Bxc4 e5 11. O-O O-O 12. Bb3 exd4 13. exd4 Nc5 14. Be3 Nxb3
15. axb3 Nd5 16. Nxd5 cxd5 17. Rfc1 f6 18. Rc2 Rf7 19. Rac1 Rd7 20. Qf5 Qe8 21.
Rc7 Rad8 22. h4 Ba5 23. Rxd7 1/2-1/2

[Event "2BLW 1819 SG Solingen II - Aachener SV"]
[Site "?"]
[Date "2018.12.16"]
[Round "4.5"]
[White "Sonntag, Hans-Hubert"]
[Black "Schaefer, Markus"]
[Result "1/2-1/2"]
[WhiteElo "2341"]
[BlackElo "2383"]
[PlyCount "40"]
[EventDate "2018.??.??"]

1. d4 d5 2. c4 c6 3. Nf3 Nf6 4. e3 Bf5 5. Nc3 e6 6. Nh4 Be4 7. f3 Bg6 8. Qb3
Qc7 9. Bd2 Be7 10. Nxg6 hxg6 11. O-O-O dxc4 12. Bxc4 b5 13. Bd3 a6 14. e4 c5
15. dxc5 Nbd7 16. Kb1 O-O 17. Be3 Nxc5 18. Bxc5 Qxc5 19. Qc2 Rac8 20. Qe2 Rfd8
1/2-1/2

[Event "2BLW 1819 SG Solingen II - Aachener SV"]
[Site "?"]
[Date "2018.12.16"]
[Round "4.6"]
[White "Berg, Michael"]
[Black "Klein, Felix"]
[Result "1/2-1/2"]
[WhiteElo "2314"]
[BlackElo "2329"]
[PlyCount "78"]
[EventDate "2018.??.??"]

1. d4 d5 2. c4 e6 3. Nf3 Nf6 4. g3 Bb4+ 5. Bd2 Be7 6. Qb3 O-O 7. Bg2 c6 8. O-O
b6 9. Bf4 Nbd7 10. Nc3 Ba6 11. cxd5 Nxd5 12. Rfe1 Nxf4 13. gxf4 Qc7 14. e3 Rac8
15. Rac1 Qb8 16. Qa4 Bb7 17. b4 Rfd8 18. Red1 c5 19. dxc5 Bc6 20. Qb3 bxc5 21.
b5 Bxf3 22. Bxf3 c4 23. Qa4 Nb6 24. Qc2 Rxd1+ 25. Rxd1 Rd8 26. Rxd8+ Qxd8 27.
Na4 Nxa4 28. Qxa4 c3 29. Qc2 Bf6 30. Be4 g6 31. a4 Kg7 32. Kg2 h5 33. Qa2 Qa5
34. Qc4 Qd8 35. Qa2 Qd1 36. a5 Qg4+ 37. Kf1 Qd1+ 38. Kg2 Qg4+ 39. Kf1 Qd1+
1/2-1/2

[Event "2BLW 1819 SG Solingen II - Aachener SV"]
[Site "?"]
[Date "2018.12.16"]
[Round "4.7"]
[White "Meessen, Rudolf"]
[Black "Michalczak, Thomas"]
[Result "0-1"]
[WhiteElo "2261"]
[BlackElo "2131"]
[PlyCount "90"]
[EventDate "2018.??.??"]

1. d4 d5 2. Nc3 Nf6 3. Bf4 a6 4. e3 Bf5 5. f3 e6 6. g4 Bg6 7. h4 h6 8. Bd3 Bxd3
9. Qxd3 c5 10. Nge2 Nc6 11. O-O-O c4 12. Qd2 b5 13. g5 Nh5 14. e4 b4 15. Na4 c3
16. Qe3 Nxf4 17. Nxf4 hxg5 18. hxg5 Rxh1 19. Rxh1 Qxg5 20. Rh5 Qf6 21. e5 cxb2+
22. Nxb2 Qd8 23. Nfd3 Qa5 24. Kb1 Na7 25. Nc5 Nb5 26. Nb3 Qc7 27. Rh2 Rc8 28.
Qd3 Qc3 29. Qxc3 Rxc3 30. Rf2 Be7 31. Na4 Re3 32. Kc1 Bh4 33. Rh2 g5 34. Rh3
Na3 35. Nb2 Re2 36. Na1 Re1+ 37. Nd1 Nb5 38. Kd2 Nc3 39. Nxc3 bxc3+ 40. Kxc3
Rxa1 41. f4 Rxa2 42. Kb3 Ra1 43. Kb4 Be1+ 44. Kc5 gxf4 45. Kd6 Bb4+ 0-1

[Event "2BLW 1819 SG Solingen II - Aachener SV"]
[Site "?"]
[Date "2018.12.16"]
[Round "4.8"]
[White "Hobusch, Jan"]
[Black "Begnis, Nikolaos"]
[Result "1/2-1/2"]
[WhiteElo "2219"]
[BlackElo "2275"]
[PlyCount "46"]
[EventDate "2018.??.??"]

1. d4 g6 2. e4 Bg7 3. Nc3 d6 4. Bg5 Nf6 5. e5 Nfd7 6. exd6 cxd6 7. Qd2 O-O 8.
O-O-O Nf6 9. h4 h5 10. Nf3 Bg4 11. Be2 Nbd7 12. Bh6 Qa5 13. Kb1 Rfc8 14. Bxg7
Kxg7 15. Ng5 Bxe2 16. Qxe2 Rxc3 17. bxc3 Nd5 18. Rh3 Nxc3+ 19. Rxc3 Qxc3 20.
Qxe7 Qb4+ 21. Ka1 Qc3+ 22. Kb1 Qb4+ 23. Ka1 Qc3+ 1/2-1/2

[Event "2BLW 1819 SV Koblenz - TSV Schott Mainz"]
[Site "?"]
[Date "2019.01.20"]
[Round "5.1"]
[White "Lobron, Eric"]
[Black "Balog, Imre"]
[Result "0-1"]
[WhiteElo "2512"]
[BlackElo "2559"]
[PlyCount "82"]
[EventDate "2019.??.??"]

1. d4 d5 2. Nf3 Nf6 3. c4 c6 4. e3 a6 5. Bd3 g6 6. O-O Bg7 7. Nc3 O-O 8. h3 b5
9. cxb5 cxb5 10. a4 b4 11. Nb1 a5 12. Nbd2 Ba6 13. Nb3 Ne4 14. Bxa6 Nxa6 15.
Qd3 Nd6 16. Ne5 Qc7 17. Bd2 Nc4 18. Rac1 Bxe5 19. dxe5 Qxe5 20. f4 Qd6 21. e4
Nc5 22. Nxc5 Qxc5+ 23. Rf2 Nxb2 24. Qg3 Qd4 25. Be3 Qg7 26. Rd2 Nc4 27. Bd4 f6
28. Re2 Qf7 29. f5 e5 30. fxe6 Qxe6 31. Qd3 Rae8 32. Rce1 Rd8 33. Bc5 Nd6 34.
Qb3 Rfe8 35. Rd1 Nf7 36. Red2 Qxe4 37. Bb6 Rb8 38. Bxa5 Qc4 39. Qxc4 dxc4 40.
Rb2 b3 41. Bc3 Ng5 0-1

[Event "2BLW 1819 SV Koblenz - TSV Schott Mainz"]
[Site "?"]
[Date "2019.01.20"]
[Round "5.2"]
[White "Sulskis, Sarunas"]
[Black "Balcerak, Jakob"]
[Result "1/2-1/2"]
[WhiteElo "2529"]
[BlackElo "2473"]
[PlyCount "120"]
[EventDate "2019.??.??"]

1. d4 d5 2. c4 c6 3. cxd5 cxd5 4. Bg5 Nc6 5. Nc3 f6 6. e4 dxe4 7. Be3 e6 8.
Nxe4 Qa5+ 9. Nc3 Bb4 10. Nf3 Nge7 11. Bd2 Qd8 12. Bc4 Nxd4 13. Nxd4 Qxd4 14.
Qh5+ g6 15. Qe2 Nc6 16. O-O-O Qe5 17. Qd3 Qd4 18. Qxd4 Nxd4 19. Ne4 Be7 20. Bc3
e5 21. Bxd4 exd4 22. Rxd4 Bf5 23. Re1 Kf8 24. Nd6 Bxd6 25. Rxd6 Rc8 26. Kd2 Rc7
27. Rd4 h5 28. h3 h4 29. Re3 Kg7 30. Bd3 Bxd3 31. Rexd3 Re7 32. Re3 Rc7 33.
Ree4 Rhc8 34. Kd3 g5 35. f4 Rc2 36. fxg5 Rxg2 37. Re7+ Kg6 38. gxf6 Kxf6 39.
Rxb7 Rcc2 40. Ke4 Rce2+ 41. Kd5 Rxb2 42. Rxb2 Rxb2 43. Ra4 Rd2+ 44. Ke4 Rh2 45.
Ra6+ Kg5 46. Ra3 Rh1 47. Ra5+ Kg6 48. Ra3 Kg5 49. Rc3 Re1+ 50. Kf3 Rg1 51. Kf2
Rg3 52. Rxg3+ hxg3+ 53. Kxg3 a5 54. a4 Kh5 55. Kf4 Kh4 56. Ke4 Kxh3 57. Kd5 Kg4
58. Kc6 Kf5 59. Kb6 Ke6 60. Kxa5 Kd7 1/2-1/2

[Event "2BLW 1819 SV Koblenz - TSV Schott Mainz"]
[Site "?"]
[Date "2019.01.20"]
[Round "5.4"]
[White "Fritsche, Lutz"]
[Black "Cicak, Slavko"]
[Result "1-0"]
[WhiteElo "2284"]
[BlackElo "2491"]
[PlyCount "93"]
[EventDate "2019.??.??"]

1. e4 c5 2. Nc3 e6 3. g3 Nc6 4. Bg2 Bd6 5. Nge2 Nge7 6. d4 cxd4 7. Nxd4 Bb8 8.
Be3 a6 9. Qe2 b5 10. O-O Bb7 11. Rad1 O-O 12. Rfe1 Qc7 13. Nb3 Ne5 14. Bc5 Re8
15. a4 bxa4 16. Nxa4 Nc8 17. f4 d6 18. Bf2 Nc4 19. Rd4 Na5 20. Rb4 Nxb3 21.
Rxb3 Ba7 22. Bxa7 Rxa7 23. Qf2 Bc6 24. Rc3 Qb7 25. b3 Bxa4 26. bxa4 Qb4 27. Rc6
Ra8 28. e5 d5 29. f5 Qb7 30. fxe6 fxe6 31. Rf1 Na7 32. Rb6 Qd7 33. Rd6 Qc7 34.
Bh3 h6 35. Bxe6+ Kh8 36. Bxd5 Rad8 37. c4 Nc8 38. Rxd8 Rxd8 39. Qf4 Ne7 40. e6
Qc5+ 41. Rf2 Nxd5 42. cxd5 Rxd5 43. Qf8+ Kh7 44. e7 Rd1+ 45. Kg2 Qd5+ 46. Qf3
Qxf3+ 47. Kxf3 1-0

[Event "2BLW 1819 SV Koblenz - TSV Schott Mainz"]
[Site "?"]
[Date "2019.01.20"]
[Round "5.5"]
[White "Schenderowitsch, Michael"]
[Black "Hammes, Michael"]
[Result "1/2-1/2"]
[WhiteElo "2331"]
[BlackElo "2342"]
[PlyCount "25"]
[EventDate "2019.??.??"]

1. d4 e6 2. c4 Nf6 3. Nf3 d5 4. Nc3 a6 5. cxd5 exd5 6. Bg5 Be6 7. e3 Bd6 8. Bd3
Nbd7 9. Rc1 h6 10. Bh4 O-O 11. O-O c6 12. Qc2 Qc7 13. Bg3 {(=)} 1/2-1/2

[Event "2BLW 1819 SV Koblenz - TSV Schott Mainz"]
[Site "?"]
[Date "2019.01.20"]
[Round "5.6"]
[White "Stewart, Neil"]
[Black "Cremer, Kevin"]
[Result "1-0"]
[WhiteElo "2221"]
[BlackElo "2253"]
[PlyCount "103"]
[EventDate "2019.??.??"]

1. Nf3 Nf6 2. c4 b6 3. g3 Bb7 4. Bg2 c5 5. O-O g6 6. b3 Bg7 7. Bb2 O-O 8. Nc3
d5 9. Nxd5 Nxd5 10. Bxg7 Kxg7 11. cxd5 Qxd5 12. d4 cxd4 13. Qxd4+ Qxd4 14. Nxd4
Bxg2 15. Kxg2 Rc8 16. Rac1 Nd7 17. Rfd1 Nc5 18. b4 Ne4 19. Nb5 Rxc1 20. Rxc1 a5
21. Rc4 f5 22. Nc7 Nd6 23. Rc6 Rc8 24. b5 a4 25. Kf3 Kf7 26. Nd5 Rxc6 27. bxc6
b5 28. Ke3 e6 29. Nb6 Ne8 30. Kd4 Nc7 31. Kc5 e5 32. Nd5 b4 33. Nxb4 Ke6 34. a3
e4 35. f4 exf3 36. exf3 g5 37. f4 g4 38. Kb6 Kd6 39. Na6 Nxa6 40. Kxa6 Kxc6 41.
Ka5 Kd5 42. Kxa4 Ke4 43. Kb4 Kf3 44. a4 Kg2 45. a5 Kxh2 46. a6 Kxg3 47. a7 Kf2
48. a8=Q g3 49. Qa7+ Kf1 50. Qxh7 g2 51. Qxf5 g1=Q 52. Qb1+ 1-0

[Event "2BLW 1819 SV Koblenz - TSV Schott Mainz"]
[Site "?"]
[Date "2019.01.20"]
[Round "5.7"]
[White "Goebel, Constantin"]
[Black "Repplinger, Marc"]
[Result "1-0"]
[WhiteElo "2229"]
[BlackElo "2207"]
[PlyCount "63"]
[EventDate "2019.??.??"]

1. e4 c5 2. Nf3 d6 3. d4 cxd4 4. Nxd4 Nf6 5. Nc3 g6 6. Be3 Bg7 7. f3 Nc6 8. Qd2
O-O 9. O-O-O Nxd4 10. Bxd4 Be6 11. Kb1 Qc7 12. g4 Rfc8 13. h4 Qa5 14. a3 Rab8
15. h5 b5 16. hxg6 hxg6 17. Qg5 Qc7 18. e5 dxe5 19. Bxe5 Qc6 20. Bxb8 Rxb8 21.
Qf4 Qb7 22. Rh2 Nd7 23. Rhd2 Be5 24. Qe4 Bxc3 25. bxc3 Qxe4 26. fxe4 Rb7 27. g5
Kg7 28. Rh2 a6 29. Bh3 Bxh3 30. Rxh3 Rc7 31. Kb2 Nc5 32. Rdh1 1-0

[Event "2BLW 1819 SV Koblenz - TSV Schott Mainz"]
[Site "?"]
[Date "2019.01.20"]
[Round "5.8"]
[White "Bohn, Thomas"]
[Black "Bewersdorff, Oliver"]
[Result "1-0"]
[WhiteElo "2324"]
[BlackElo "2271"]
[PlyCount "63"]
[EventDate "2019.??.??"]

1. f4 d5 2. Nf3 g6 3. e3 Bg7 4. Be2 Nf6 5. O-O O-O 6. d3 c5 7. a4 Nc6 8. Qe1
Bf5 9. Nh4 Bd7 10. Nf3 Qc7 11. Qh4 Rad8 12. Nc3 Bf5 13. h3 a6 14. g4 Bc8 15. e4
dxe4 16. dxe4 Nd4 17. Bd1 Qc6 18. f5 Nxf3+ 19. Bxf3 c4 20. Kh1 Qc5 21. Bg5 Qe5
22. Bg2 Rfe8 23. Bf4 Qc5 24. e5 Nd7 25. Ne4 Qa5 26. e6 fxe6 27. fxg6 hxg6 28.
Bd2 Qc7 29. Ng5 Nf6 30. Rxf6 exf6 31. Qh7+ Kf8 32. Bb4+ 1-0

[Event "2BLW 1819 SV Oberursel - DJK Aachen II"]
[Site "?"]
[Date "2019.01.20"]
[Round "5.1"]
[White "Dambacher, Martijn"]
[Black "Dubiel, Jacek"]
[Result "1-0"]
[WhiteElo "2499"]
[BlackElo "2434"]
[PlyCount "79"]
[EventDate "2019.??.??"]

1. d4 d5 2. c4 e6 3. Nc3 Nf6 4. Bg5 Be7 5. e3 h6 6. Bh4 O-O 7. Nf3 b6 8. Bd3
Bb7 9. O-O Nbd7 10. Qe2 Ne4 11. Bg3 c5 12. Rfd1 cxd4 13. exd4 Nxg3 14. hxg3 Nf6
15. Ne5 Rc8 16. cxd5 Nxd5 17. Qe4 f5 18. Qe1 Nxc3 19. bxc3 Qd5 20. Bf1 Bf6 21.
c4 Qe4 22. Qc3 Bxe5 23. dxe5 Rfd8 24. Rd6 Rxd6 25. exd6 Qc6 26. Rd1 Rd8 27. Qe5
Kf7 28. Rd5 Rd7 29. Be2 g6 30. Bf3 Qxc4 31. Rd4 Qc1+ 32. Rd1 Qc8 33. Re1 Bxf3
34. Qxe6+ Kg7 35. gxf3 Qc6 36. Qe5+ Kh7 37. Qe7+ Rxe7 38. Rxe7+ Kg8 39. d7 Kf8
40. d8=Q+ 1-0

[Event "2BLW 1819 SV Oberursel - DJK Aachen II"]
[Site "?"]
[Date "2019.01.20"]
[Round "5.2"]
[White "Heinz, Axel"]
[Black "Van Dooren, Dirk"]
[Result "1/2-1/2"]
[WhiteElo "2444"]
[BlackElo "2358"]
[PlyCount "106"]
[EventDate "2019.??.??"]

1. e4 c5 2. Nf3 e6 3. d4 cxd4 4. Nxd4 Nc6 5. Nc3 Qc7 6. g3 a6 7. Bg2 Nf6 8. O-O
Nxd4 9. Qxd4 Bc5 10. Bf4 d6 11. Qd2 h6 12. Rad1 e5 13. Be3 Be6 14. Bxc5 dxc5
15. Nd5 Bxd5 16. exd5 Qd6 17. f4 exf4 18. Rde1+ Kd7 19. Rxf4 Rae8 20. Rb1 Re5
21. b4 Rhe8 22. Qf2 cxb4 23. Rfxb4 Re1+ 24. Rxe1 Qxb4 25. Qf5+ Kd6 26. Rxe8
Qd4+ 27. Kf1 Nxe8 28. Qxf7 Qd1+ 29. Kf2 Qxc2+ 30. Kf3 Qd3+ 31. Kf2 Qd4+ 32. Ke2
Qe5+ 33. Kd3 b5 34. Qf8+ Kc7 35. Qc5+ Kd8 36. Qb6+ Ke7 37. Qxa6 Nd6 38. Qa7+
Kf8 39. Qd4 Qf5+ 40. Kc3 Kg8 41. Qf4 Qc8+ 42. Kb4 Nb7 43. Qe3 Qc4+ 44. Ka3 Nc5
45. d6 b4+ 46. Kb2 b3 47. Qd2 Nd3+ 48. Kb1 Kf8 49. axb3 Qxb3+ 50. Ka1 Qa3+ 51.
Kb1 Qb3+ 52. Ka1 Qa3+ 53. Kb1 Qb3+ 1/2-1/2

[Event "2BLW 1819 SV Oberursel - DJK Aachen II"]
[Site "?"]
[Date "2019.01.20"]
[Round "5.3"]
[White "Buscher, Michael"]
[Black "Schlamp, Robert"]
[Result "0-1"]
[WhiteElo "2379"]
[BlackElo "2281"]
[PlyCount "118"]
[EventDate "2019.??.??"]

1. e4 e6 2. d4 d5 3. Nc3 Bb4 4. Bd3 c5 5. exd5 Qxd5 6. Kf1 Bxc3 7. bxc3 Nc6 8.
Nf3 c4 9. Be2 Nf6 10. Nd2 Na5 11. Ba3 Bd7 12. Rb1 Rc8 13. Bb4 b6 14. Qc1 h5 15.
Qa3 Qf5 16. Bxa5 Qxc2 17. Qb2 Qxb2 18. Rxb2 bxa5 19. Nxc4 O-O 20. f3 Nd5 21.
Ne5 Rxc3 22. Kf2 Rd8 23. Rhb1 Nb4 24. Rb3 Rxb3 25. Rxb3 f6 26. Nc4 Nc6 27. Ke3
Bc8 28. Bd3 Ba6 29. Nd2 Bxd3 30. Rxd3 Nb4 31. Rb3 Nc2+ 32. Kf2 Rxd4 33. Ne4 Nb4
34. Ke3 e5 35. a3 Nd5+ 36. Kf2 Nb6 37. Ke2 Kh7 38. g3 Kg6 39. Nc3 a4 40. Rb5
Nc4 41. Nb1 a5 42. Rc5 h4 43. Nc3 h3 44. Ne4 Nxa3 45. Rxa5 Rb4 46. Nc3 Nb1 47.
Nxb1 Rxb1 48. Rxa4 Rb2+ 49. Ke3 Rxh2 50. Rh4 Kf5 51. Rh8 Kg5 52. Rh4 f5 53. Kd3
Rh1 54. Ke2 h2 55. Kf2 Ra1 56. Rxh2 Ra2+ 57. Kg1 Rxh2 58. Kxh2 e4 59. Kg2 e3
0-1

[Event "2BLW 1819 SV Oberursel - DJK Aachen II"]
[Site "?"]
[Date "2019.01.20"]
[Round "5.4"]
[White "Fromme, Ernst"]
[Black "Braga, Fernando"]
[Result "0-1"]
[WhiteElo "2142"]
[BlackElo "2397"]
[PlyCount "72"]
[EventDate "2019.??.??"]

1. d4 Nf6 2. g3 c5 3. d5 b5 4. a4 Bb7 5. Bg2 e6 6. axb5 Bxd5 7. Nf3 Qb6 8. Nc3
Bb7 9. Qd3 a6 10. Bg5 d5 11. Bxf6 gxf6 12. O-O Nd7 13. bxa6 Bxa6 14. Qd2 Bg7
15. e4 O-O 16. Rfd1 d4 17. Na4 Qc7 18. b4 Bb7 19. bxc5 Bxe4 20. Nxd4 Bxg2 21.
Nb5 Qc6 22. Nd4 Qb7 23. c6 Bxc6 24. Nxc6 Qxc6 25. Qxd7 Qxc2 26. Qd2 Rfc8 27.
Qxc2 Rxc2 28. Nb6 Rxa1 29. Rxa1 h5 30. Ra4 f5 31. Rc4 Ra2 32. Nd7 Rd2 33. Rc8+
Kh7 34. Nf8+ Kh6 35. f3 h4 36. Re8 h3 0-1

[Event "2BLW 1819 SV Oberursel - DJK Aachen II"]
[Site "?"]
[Date "2019.01.20"]
[Round "5.5"]
[White "Skulener, Wladimir"]
[Black "Haakert, Juergen"]
[Result "1-0"]
[WhiteElo "2383"]
[BlackElo "2294"]
[PlyCount "73"]
[EventDate "2019.??.??"]

1. d4 f5 2. Nf3 Nf6 3. g3 g6 4. Bg2 Bg7 5. O-O O-O 6. b3 d6 7. Bb2 c6 8. Nbd2
a5 9. a3 Na6 10. Nc4 b5 11. Ncd2 Nc7 12. Ne1 Bd7 13. Nd3 a4 14. b4 Ncd5 15. c4
bxc4 16. Nxc4 Qb8 17. e3 Qb5 18. Rc1 Rfc8 19. Re1 Nb6 20. Na5 Nbd5 21. Bf1 Qb8
22. Ba1 Kf8 23. Bg2 Qb5 24. Bf1 Qb8 25. Rc2 Ra7 26. Bb2 Qb6 27. Nc4 Qb8 28. f3
Nb6 29. Na5 Qa8 30. e4 Kg8 31. Qe2 fxe4 32. fxe4 Rf8 33. Nf2 Rxa5 34. bxa5 Qxa5
35. e5 Ng4 36. e6 Rxf2 37. exd7 1-0

[Event "2BLW 1819 SV Oberursel - DJK Aachen II"]
[Site "?"]
[Date "2019.01.20"]
[Round "5.6"]
[White "Haubt, Georg"]
[Black "Marcziter, Dmitrii"]
[Result "0-1"]
[WhiteElo "2153"]
[BlackElo "2242"]
[PlyCount "64"]
[EventDate "2019.??.??"]

1. d4 Nf6 2. Bf4 d5 3. e3 c5 4. Nc3 a6 5. dxc5 Nc6 6. Nf3 Bg4 7. h3 Bxf3 8.
Qxf3 e6 9. Be2 Bxc5 10. Qg3 Bb4 11. O-O Qe7 12. Qxg7 Rg8 13. Qh6 O-O-O 14. Bd3
Ne8 15. Bg3 Bd6 16. Ne2 Bxg3 17. fxg3 f5 18. Nf4 Nc7 19. Kh2 Rg5 20. Ne2 Rdg8
21. Qh4 Rxg3 22. Qxg3 Rxg3 23. Nxg3 Qd6 24. Rf4 d4 25. Rh4 Qe7 26. Rh6 dxe3 27.
Re1 Kb8 28. Nh5 Nd5 29. c4 Ndb4 30. Bb1 Qd6+ 31. Ng3 Qd2 32. Rg1 Nd4 0-1